000 00585cam a22002053a 4500
001 44101
003 PGUSA
005 20140828084014.0
008 131104s2013||||xxu|||||s|||||000 | eng d
040 _aPGUSA
_beng
042 _adc
100 1 _aJames Bryce, Viscount,
_d1838-1922
245 1 4 _aThe Holy Roman Empire
_h[electronic resource] /
_cViscount James Bryce
260 _bProject Gutenberg,
_c2013
506 _aPublic domain in the USA.
516 _aElectronic text
830 0 _aProject Gutenberg
_v44101
856 4 0 _uhttp://www.gutenberg.org/ebooks/44101
942 _cEB
999 _c273352
_d273352